[Event "Commonwealth Open 2019"]
[Site "Delhi"]
[Date "2019.06.30"]
[Round "2.5"]
[White "Deepan Chakkravarthy J."]
[Black "Ajay Karthikeyan"]
[Result "0-1"]
[WhiteElo "2557"]
[BlackElo "2227"]
[Annotator "ChessBase"]
[PlyCount "164"]
[EventDate "2019.06.30"]
[EventType "swiss"]
[EventCountry "IND"]
[SourceTitle "playchess.com"]
[Source "ChessBase"]
[SourceQuality "1"]
[TimeControl "5400+30"]

1. e4 {[%emt 0:00:12]} c5 {[%emt 0:04:52]} 2. Nc3 {[%emt 0:00:32]} d6 {[%emt 0:00:47]} 3. Bc4 {[%emt 0:01:59]} e6 {[%emt 0:02:58]} 4. Nge2 {[%emt 0:01:28]} a6 {[%emt 0:00:07]} 5. a3 {[%emt 0:01:49]} Nf6 {[%emt 0:02:31]} 6. Ba2 {[%emt 0:00:08]} b5 {[%emt 0:00:30]} 7. d3 {[%emt 0:01:44]} Nc6 {[%emt 0:02:58]} 8. O-O {[%emt 0:00:10]} Be7 {[%emt 0:05:02]} 9. f4 {[%emt 0:05:07]} O-O {[%emt 0:00:41]} 10. Ng3 {[%emt 0:05:10]} d5 {[%emt 0:03:32]} 11. e5 {[%emt 0:14:36]} Ne8 {[%emt 0:02:44]} 12. Nce2 {[%emt 0:00:08]} g6 {[%emt 0:03:32]} 13. c3 {[%emt 0:02:55]} Ng7 {[%emt 0:07:36]} 14. d4 {[%emt 0:00:40]} c4 {[%emt 0:03:42]} 15. Bb1 {[%emt 0:00:32]} f5 {[%emt 0:02:28]} 16. exf6 {[%emt 0:00:55]} Bxf6 {[%emt 0:00:25]} 17. Nh1 {[%emt 0:00:12]} Nf5 {[%emt 0:08:17]} 18. Nf2 {[%emt 0:00:22]} Bg7 {[%emt 0:04:19]} 19. Kh1 {[%emt 0:03:35]} a5 {[%emt 0:00:50]} 20. Ng1 {[%emt 0:05:25]} Bd7 {[%emt 0:00:49]} 21. Bc2 {[%emt 0:00:08]} b4 {[%emt 0:00:44]} 22. Ba4 {[%emt 0:00:13]} bxc3 {[%emt 0:04:09]} 23. bxc3 {[%emt 0:00:05]} Rb8 {[%emt 0:03:43]} 24. Nf3 {[%emt 0:00:18]} Na7 {[%emt 0:07:05]} 25. Bc2 {[%emt 0:00:49]} Nb5 {[%emt 0:01:47]} 26. Bd2 {[%emt 0:01:47]} Nc7 {[%emt 0:04:00]} 27. a4 {[%emt 0:01:20]} Bc6 {[%emt 0:05:54]} 28. Ng4 {[%emt 0:03:26]} Ba8 29. Nge5 {[%emt 0:04:24]} Nd6 {[%emt 0:05:40]} 30. Ng5 {[%emt 0:03:10]} Bxe5 {[%emt 0:06:17]} 31. fxe5 {[%emt 0:00:57]} Ne4 {[%emt 0:00:12]} 32. Bxe4 {[%emt 0:04:29]} dxe4 {[%emt 0:00:13]} 33. Qg4 {[%emt 0:00:07]} e3 {[%emt 0:02:49]} 34. Bxe3 {[%emt 0:01:59]} Rb2 {[%emt 0:00:23]} 35. Ne4 {[%emt 0:06:45]} Rf5 {[%emt 0:01:58]} 36. Nf6+ {[%emt 0:13:19]} Kh8 {[%emt 0:00:49]} 37. Qh4 {[%emt 0:02:10]} Qe7 {[%emt 0:02:39]} 38. Rf2 {[%emt 0:00:12]} Rb3 {[%emt 0:01:25]} 39. Bg5 {[%emt 0:05:22]} Qf7 {[%emt 0:00:27]} 40. Kg1 {[%emt 0:00:31]} Nd5 {[%emt 0:00:18]} 41. Nxd5 {[%emt 0:08:44]} Bxd5 {[%emt 0:00:02]} 42. Bh6 {[%emt 0:00:30]} g5 {[%emt 0:00:30]} 43. Bxg5 {[%emt 0:00:30]} Qg6 {[%emt 0:00:30]} 44. Bf6+ {[%emt 0:00:30]} Kg8 {[%emt 0:00:30]} 45. Qg3 {[%emt 0:00:30]} Qxg3 {[%emt 0:00:30]} 46. hxg3 {[%emt 0:00:30]} h5 {[%emt 0:00:30]} 47. Rff1 {[%emt 0:00:30]} Rxf1+ {[%emt 0:00:30]} 48. Rxf1 {[%emt 0:00:30]} Rxc3 {[%emt 0:00:30]} 49. Rf2 {[%emt 0:00:30]} Rxg3 {[%emt 0:00:30]} 50. Bd8 {[%emt 0:00:30]} c3 {[%emt 0:00:30]} 51. Bxa5 {[%emt 0:01:23]} Be4 {[%emt 0:01:08]} 52. Kh2 {[%emt 0:01:08]} Re3 {[%emt 0:00:20]} 53. Bb4 {[%emt 0:01:03]} c2 {[%emt 0:00:18]} 54. Rf8+ {[%emt 0:00:03]} Kg7 {[%emt 0:00:05]} 55. Rc8 {[%emt 0:00:04]} Re2 {[%emt 0:01:18]} 56. a5 {[%emt 0:00:01]} Rxg2+ {[%emt 0:00:07]} 57. Kh3 {[%emt 0:00:01]} Rg1 {[%emt 0:00:14]} 58. Bd2 {[%emt 0:00:12]} Rd1 {[%emt 0:00:28]} 59. Bg5 {[%emt 0:02:29]} Rxd4 {[%emt 0:00:52]} 60. Bf6+ {[%emt 0:00:34]} Kg6 {[%emt 0:00:27]} 61. Kg3 {[%emt 0:00:12]} Kf5 {[%emt 0:00:30]} 62. Bg7 {[%emt 0:00:30]} Kg6 {[%emt 0:00:30]} 63. Bf8 {[%emt 0:00:30]} Rd1 {[%emt 0:00:31]} 64. Ba3 {[%emt 0:00:06]} Rd3+ {[%emt 0:00:25]} 65. Kf4 {[%emt 0:00:02]} Bb7 {[%emt 0:00:26]} 66. Rg8+ {[%emt 0:00:03]} Kh7 {[%emt 0:00:17]} 67. Rb8 {[%emt 0:00:15]} Rxa3 {[%emt 0:01:14]} 68. Rxb7+ {[%emt 0:00:03]} Kg6 {[%emt 0:00:02]} 69. Rc7 {[%emt 0:00:03]} Ra4+ {[%emt 0:00:11]} 70. Kg3 {[%emt 0:00:15]} Rxa5 {[%emt 0:00:01]} 71. Rxc2 {[%emt 0:00:05]} Rxe5 {[%emt 0:00:30]} 72. Rc8 {[%emt 0:00:30]} Re4 {[%emt 0:00:30]} 73. Rg8+ {[%emt 0:00:30]} Kf5 {[%emt 0:00:42]} 74. Rf8+ {[%emt 0:00:27]} Ke5 {[%emt 0:00:03]} 75. Rh8 {[%emt 0:00:09]} Rg4+ {[%emt 0:00:47]} 76. Kf3 {[%emt 0:00:01]} Rf4+ {[%emt 0:00:10]} 77. Ke3 {[%emt 0:00:09]} Rf5 {[%emt 0:00:05]} 78. Rh6 {[%emt 0:00:04]} Rg5 {[%emt 0:00:32]} 79. Rh8 {[%emt 0:00:12]} Kf6 {[%emt 0:00:46]} 80. Rh6+ {[%emt 0:02:09]} Kf5 {[%emt 0:00:15]} 81. Kf3 {[%emt 0:00:30]} e5 {[%emt 0:00:26]} 82. Rh8 {[%emt 0:00:02]} e4+ {[%emt 0:02:02] Kg4+ Kxg4 Re8 Kg3} 0-1

[Event "Commonwealth Open 2019"]
[Site "Delhi"]
[Date "2019.06.30"]
[Round "2.6"]
[White "Jubin Jimmy"]
[Black "Debashis, Das"]
[Result "1/2-1/2"]
[WhiteElo "2228"]
[BlackElo "2544"]
[Annotator "ChessBase"]
[PlyCount "54"]
[EventDate "2019.06.30"]
[EventType "swiss"]
[EventCountry "IND"]
[SourceTitle "playchess.com"]
[Source "ChessBase"]
[SourceQuality "1"]
[TimeControl "5400+30"]

1. d4 {[%emt 0:00:17]} e6 {[%emt 0:00:00]} 2. c4 {[%emt 0:00:14]} b6 {[%emt 0:00:00]} 3. Nc3 {[%emt 0:00:41]} Bb7 {[%emt 0:00:00]} 4. e4 {[%emt 0:00:41]} Bb4 {[%emt 0:00:00]} 5. Qc2 {[%emt 0:00:57]} Ne7 {[%emt 0:04:50]} 6. Nf3 {[%emt 0:00:21]} Bxc3+ {[%emt 0:03:23]} 7. bxc3 {[%emt 0:00:10]} d6 {[%emt 0:00:08]} 8. Bd3 {[%emt 0:06:06]} Nd7 {[%emt 0:02:37]} 9. O-O {[%emt 0:01:41]} h6 {[%emt 0:00:56]} 10. Nd2 {[%emt 0:00:38]} e5 {[%emt 0:07:50]} 11. f4 {[%emt 0:05:23]} exf4 {[%emt 0:00:25]} 12. Rxf4 {[%emt 0:01:09]} O-O {[%emt 0:05:58]} 13. Rf1 {[%emt 0:01:23]} c5 {[%emt 0:02:03]} 14. Nb3 {[%emt 0:03:33]} Ng6 {[%emt 0:00:54]} 15. Bf4 {[%emt 0:04:20]} Qe7 {[%emt 0:02:43]} 16. Bg3 {[%emt 0:03:04]} Nf6 {[%emt 0:01:26]} 17. Rae1 {[%emt 0:10:47]} Nh5 {[%emt 0:02:24]} 18. Qf2 {[%emt 0:04:23]} Rad8 {[%emt 0:01:48]} 19. Nd2 {[%emt 0:11:24]} Qg5 {[%emt 0:01:54]} 20. Qe3 {[%emt 0:03:43]} Qxe3+ {[%emt 0:06:10]} 21. Rxe3 {[%emt 0:00:03]} Nxg3 {[%emt 0:00:56]} 22. Rxg3 {[%emt 0:01:04]} Rfe8 {[%emt 0:01:42]} 23. e5 {[%emt 0:05:02]} cxd4 {[%emt 0:11:04]} 24. Bxg6 {[%emt 0:02:15]} fxg6 {[%emt 0:00:30]} 25. cxd4 {[%emt 0:00:19]} dxe5 {[%emt 0:00:30]} 26. d5 {[%emt 0:00:22]} Re7 {[%emt 0:09:04]} 27. Rb1 {[%emt 0:04:11]} Bc8 {[%emt 0:10:40]} 1/2-1/2

[Event "Commonwealth Open 2019"]
[Site "Delhi"]
[Date "2019.06.30"]
[Round "2.7"]
[White "Erigaisi Arjun"]
[Black "Aaryan Varshney"]
[Result "1-0"]
[WhiteElo "2526"]
[BlackElo "2196"]
[Annotator "ChessBase"]
[PlyCount "119"]
[EventDate "2019.06.30"]
[EventType "swiss"]
[EventCountry "IND"]
[SourceTitle "playchess.com"]
[Source "ChessBase"]
[SourceQuality "1"]
[TimeControl "5400+30"]

1. Nf3 {[%emt 0:00:00]} Nf6 {[%emt 0:00:00]} 2. g3 {[%emt 0:00:00]} g6 {[%emt 0:00:00]} 3. Bg2 {[%emt 0:00:00]} Bg7 {[%emt 0:00:00]} 4. O-O {[%emt 0:00:00]} O-O {[%emt 0:00:00]} 5. c4 {[%emt 0:00:05]} d6 {[%emt 0:00:21]} 6. d4 {[%emt 0:00:07]} Nbd7 {[%emt 0:00:06]} 7. Nc3 {[%emt 0:00:07]} e5 {[%emt 0:00:04]} 8. e4 {[%emt 0:00:06]} c6 {[%emt 0:00:10]} 9. h3 {[%emt 0:00:16]} exd4 {[%emt 0:03:33]} 10. Nxd4 {[%emt 0:00:08]} Re8 {[%emt 0:00:28]} 11. Be3 {[%emt 0:03:11]} Nc5 {[%emt 0:03:19]} 12. Qc2 {[%emt 0:00:20]} a5 {[%emt 0:00:18]} 13. Rad1 {[%emt 0:02:31]} Qc7 {[%emt 0:14:08]} 14. Ndb5 {[%emt 0:15:04]} cxb5 {[%emt 0:00:54]} 15. Nxb5 {[%emt 0:00:07]} Qe7 {[%emt 0:18:46]} 16. Nxd6 {[%emt 0:01:06]} Ncd7 {[%emt 0:08:53]} 17. Nxe8 {[%emt 0:01:29]} Nxe8 {[%emt 0:00:24]} 18. f4 {[%emt 0:02:22]} Nf8 {[%emt 0:01:44]} 19. Qf2 {[%emt 0:03:13]} Be6 {[%emt 0:02:09]} 20. b3 {[%emt 0:01:26]} f6 {[%emt 0:02:35]} 21. Bc5 {[%emt 0:11:12]} Qc7 {[%emt 0:00:48]} 22. Bb6 {[%emt 0:08:22]} Qe7 {[%emt 0:02:55]} 23. f5 {[%emt 0:00:42]} Bf7 {[%emt 0:01:43]} 24. Bc5 {[%emt 0:00:10]} Qc7 {[%emt 0:00:43]} 25. e5 {[%emt 0:00:33]} gxf5 {[%emt 0:06:22]} 26. Bd6 {[%emt 0:03:27]} Nxd6 {[%emt 0:04:06]} 27. exd6 {[%emt 0:00:07]} Qd7 {[%emt 0:00:12]} 28. Qxf5 {[%emt 0:07:08]} Be6 {[%emt 0:03:03]} 29. Qb5 {[%emt 0:00:38]} Qxb5 {[%emt 0:01:22]} 30. cxb5 {[%emt 0:00:08]} Rb8 {[%emt 0:00:50]} 31. Rfe1 {[%emt 0:02:01]} Kf7 {[%emt 0:00:53]} 32. Bd5 {[%emt 0:03:47]} f5 {[%emt 0:02:40]} 33. Rxe6 {[%emt 0:01:18]} Nxe6 {[%emt 0:00:12]} 34. Re1 {[%emt 0:00:06]} Re8 {[%emt 0:03:07]} 35. d7 {[%emt 0:06:04]} Bd4+ {[%emt 0:00:27]} 36. Kg2 {[%emt 0:00:22]} Rd8 {[%emt 0:00:19]} 37. Bxe6+ {[%emt 0:00:35]} Kf6 {[%emt 0:00:09]} 38. g4 {[%emt 0:00:06]} fxg4 {[%emt 0:00:36]} 39. Bxg4 {[%emt 0:00:39]} Be5 {[%emt 0:01:12]} 40. Rf1+ {[%emt 0:00:38]} Ke7 {[%emt 0:01:14]} 41. Rf5 {[%emt 0:00:25]} Bg7 {[%emt 0:00:59]} 42. Rh5 {[%emt 0:00:37]} h6 {[%emt 0:04:53]} 43. b6 {[%emt 0:00:40]} Kd6 {[%emt 0:00:37]} 44. Rxa5 {[%emt 0:00:22]} Kc6 {[%emt 0:00:06]} 45. Ra4 {[%emt 0:00:06]} Kxb6 {[%emt 0:00:11]} 46. Rc4 {[%emt 0:00:07]} Bf6 {[%emt 0:00:11]} 47. Rc8 {[%emt 0:00:07]} Kb5 {[%emt 0:00:22]} 48. Kf3 {[%emt 0:00:09]} h5 {[%emt 0:00:19]} 49. Be6 {[%emt 0:00:10]} Kb6 {[%emt 0:00:22]} 50. Ke4 {[%emt 0:00:08]} h4 {[%emt 0:00:06]} 51. Kf5 {[%emt 0:00:06]} Be7 {[%emt 0:00:07]} 52. Kg6 {[%emt 0:00:07]} Ka7 {[%emt 0:00:19]} 53. Kf7 {[%emt 0:00:08]} Bg5 {[%emt 0:00:04]} 54. Rxd8 {[%emt 0:00:08]} Bxd8 {[%emt 0:00:03]} 55. Ke8 {[%emt 0:00:09]} Bb6 {[%emt 0:00:04]} 56. a4 {[%emt 0:00:10]} Ka6 {[%emt 0:00:04]} 57. b4 {[%emt 0:00:13]} Ka7 {[%emt 0:00:02]} 58. a5 {[%emt 0:00:08]} Bc7 {[%emt 0:00:03]} 59. d8=Q {[%emt 0:00:12]} Bxd8 {[%emt 0:00:03]} 60. Kxd8 {[%emt 0:00:09]} 1-0

[Event "Commonwealth Open 2019"]
[Site "Delhi"]
[Date "2019.06.30"]
[Round "2.8"]
[White "Srihari L R"]
[Black "Iniyan, P."]
[Result "1-0"]
[WhiteElo "2214"]
[BlackElo "2525"]
[Annotator "ChessBase"]
[PlyCount "43"]
[EventDate "2019.06.30"]
[EventType "swiss"]
[EventCountry "IND"]
[SourceTitle "playchess.com"]
[Source "ChessBase"]
[SourceQuality "1"]
[TimeControl "5400+30"]

1. d4 {[%emt 0:00:00]} Nf6 {[%emt 0:00:00]} 2. c4 {[%emt 0:00:00]} g6 {[%emt 0:00:00]} 3. Nc3 {[%emt 0:00:00]} Bg7 {[%emt 0:00:02]} 4. e4 {[%emt 0:00:14]} d6 {[%emt 0:00:05]} 5. h3 {[%emt 0:00:05]} O-O {[%emt 0:00:08]} 6. Bg5 {[%emt 0:00:09]} Qe8 {[%emt 0:00:06]} 7. Bd3 {[%emt 0:00:25]} Na6 {[%emt 0:00:41]} 8. Nge2 {[%emt 0:01:54]} e5 {[%emt 0:00:11]} 9. d5 {[%emt 0:00:05]} Nh5 {[%emt 0:00:44]} 10. Qd2 {[%emt 0:01:18]} f5 {[%emt 0:00:17]} 11. f3 {[%emt 0:11:41]} c6 {[%emt 0:10:59]} 12. Bc2 {[%emt 0:07:31]} cxd5 {[%emt 0:09:52]} 13. Nxd5 {[%emt 0:17:19]} Be6 {[%emt 0:00:34]} 14. exf5 {[%emt 0:14:29]} gxf5 {[%emt 0:00:16]} 15. g4 {[%emt 0:00:57]} Nf4 {[%emt 0:03:00]} 16. Nexf4 {[%emt 0:02:21]} exf4 {[%emt 0:00:27]} 17. O-O-O {[%emt 0:00:52]} Kh8 {[%emt 0:06:22]} 18. Rhe1 {[%emt 0:03:48]} Qc8 {[%emt 0:02:06]} 19. Kb1 {[%emt 0:07:15]} Bf7 {[%emt 0:29:48]} 20. Qxf4 {[%emt 0:07:48]} fxg4 {[%emt 0:07:02]} 21. Bf6 {[%emt 0:01:06]} Bxd5 {[%emt 0:04:13]} 22. Qh6 {[%emt 0:00:07]} 1-0

[Event "Commonwealth Open 2019"]
[Site "Delhi"]
[Date "2019.06.30"]
[Round "2.9"]
[White "Swayams, Mishra"]
[Black "Varshini, V."]
[Result "0-1"]
[WhiteElo "2493"]
[BlackElo "2189"]
[Annotator "ChessBase"]
[PlyCount "103"]
[EventDate "2019.06.30"]
[EventType "swiss"]
[EventCountry "IND"]
[SourceTitle "playchess.com"]
[Source "ChessBase"]
[SourceQuality "1"]
[TimeControl "5400+30"]

1. d4 {[%emt 0:00:00]} d5 {[%emt 0:00:00]} 2. c4 {[%emt 0:00:15]} e6 {[%emt 0:00:00]} 3. Nc3 {[%emt 0:00:05]} Nf6 {[%emt 0:00:07]} 4. Bg5 {[%emt 0:00:20]} Be7 {[%emt 0:00:21]} 5. e3 {[%emt 0:00:06]} O-O {[%emt 0:01:00]} 6. Nf3 {[%emt 0:00:07]} a6 {[%emt 0:03:23]} 7. cxd5 {[%emt 0:03:42]} exd5 {[%emt 0:00:28]} 8. Bd3 {[%emt 0:01:14]} Nbd7 {[%emt 0:00:51]} 9. O-O {[%emt 0:01:45]} Re8 {[%emt 0:02:42]} 10. Rc1 c6 {[%emt 0:05:26]} 11. Qc2 {[%emt 0:04:35]} Nf8 {[%emt 0:02:57]} 12. Ne5 {[%emt 0:02:41]} Ne4 {[%emt 0:16:54]} 13. Bf4 {[%emt 0:05:56]} f6 {[%emt 0:03:56]} 14. Nf3 {[%emt 0:01:16]} f5 {[%emt 0:02:25]} 15. Ne5 {[%emt 0:04:54]} Bf6 {[%emt 0:06:22]} 16. f3 {[%emt 0:02:13]} Nd6 {[%emt 0:01:18]} 17. Bg3 {[%emt 0:03:23]} Ng6 {[%emt 0:07:23]} 18. f4 {[%emt 0:02:16]} Ne4 {[%emt 0:03:53]} 19. Bxe4 {[%emt 0:05:39]} fxe4 {[%emt 0:02:26]} 20. Qb3 {[%emt 0:00:06]} a5 {[%emt 0:06:42]} 21. a4 {[%emt 0:02:46]} Bxe5 {[%emt 0:06:44]} 22. fxe5 {[%emt 0:01:09]} Be6 {[%emt 0:05:32]} 23. Qxb7 {[%emt 0:03:29]} Qg5 {[%emt 0:07:23]} 24. Bf4 {[%emt 0:02:43]} Qg4 {[%emt 0:03:25]} 25. Qxc6 {[%emt 0:04:34]} Rac8 {[%emt 0:02:52]} 26. Qa6 {[%emt 0:00:32]} Nh4 {[%emt 0:01:38]} 27. Bg3 {[%emt 0:13:23]} Nf5 {[%emt 0:01:13]} 28. Rf4 {[%emt 0:00:37]} Qh5 {[%emt 0:01:07]} 29. Re1 {[%emt 0:02:06]} Qg6 {[%emt 0:04:53]} 30. Bf2 {[%emt 0:02:38]} Rf8 {[%emt 0:00:30]} 31. Rf1 {[%emt 0:04:00]} Rc7 {[%emt 0:01:02]} 32. Qxa5 {[%emt 0:01:57]} Rd7 {[%emt 0:00:32]} 33. Qb5 {[%emt 0:01:05]} h5 {[%emt 0:00:27]} 34. Qc5 {[%emt 0:11:26]} Rff7 {[%emt 0:00:31]} 35. Nb5 {[%emt 0:01:09]} h4 {[%emt 0:00:28]} 36. Qc1 {[%emt 0:07:04]} h3 {[%emt 0:00:33]} 37. g4 {[%emt 0:01:31]} Nh6 {[%emt 0:00:29]} 38. Bg3 {[%emt 0:00:14]} Nxg4 {[%emt 0:00:27]} 39. Nd6 {[%emt 0:00:59]} Rc7 {[%emt 0:00:34]} 40. Qd2 {[%emt 0:00:31]} Rxf4 {[%emt 0:00:25]} 41. Rxf4 {[%emt 0:00:02]} Kh7 {[%emt 0:00:37]} 42. a5 {[%emt 0:00:30]} Qh5 {[%emt 0:00:29]} 43. a6 {[%emt 0:01:40]} Bd7 {[%emt 0:00:31]} 44. Rf1 {[%emt 0:02:37]} Ba4 {[%emt 0:00:32]} 45. Rc1 {[%emt 0:02:05]} Nxh2 {[%emt 0:00:25]} 46. Kxh2 {[%emt 0:01:06]} Rxc1 {[%emt 0:00:09]} 47. Qf2 {[%emt 0:00:32]} Rc2 {[%emt 0:00:25]} 48. a7 {[%emt 0:00:01]} Qe2 {[%emt 0:00:42]} 49. Kxh3 {[%emt 0:00:01]} Qa6 {[%emt 0:00:43]} 50. Kg4 {[%emt 0:01:10]} Qxa7 {[%emt 0:00:25]} 51. Kf5 {[%emt 0:00:29]} Qd7+ {[%emt 0:00:29]} 52. e6 {[%emt 0:00:17]} 0-1

[Event "Commonwealth Open 2019"]
[Site "Delhi"]
[Date "2019.06.30"]
[Round "2.10"]
[White "Arpita, Mukherjee"]
[Black "Swapnil, S. Dhopade"]
[Result "0-1"]
[WhiteElo "2196"]
[BlackElo "2488"]
[Annotator "ChessBase"]
[PlyCount "100"]
[EventDate "2019.06.30"]
[EventType "swiss"]
[EventCountry "IND"]
[SourceTitle "playchess.com"]
[Source "ChessBase"]
[SourceQuality "1"]
[TimeControl "5400+30"]

1. e4 c6 {[%emt 0:00:00]} 2. d4 {[%emt 0:00:16]} d5 {[%emt 0:00:00]} 3. e5 {[%emt 0:00:05]} c5 {[%emt 0:00:11]} 4. dxc5 {[%emt 0:00:12]} e6 {[%emt 0:02:04]} 5. Nf3 {[%emt 0:00:26]} Bxc5 {[%emt 0:00:07]} 6. a3 {[%emt 0:00:09]} Ne7 {[%emt 0:00:55]} 7. b4 {[%emt 0:00:23]} Bb6 {[%emt 0:00:04]} 8. Bd3 {[%emt 0:00:08]} Ng6 {[%emt 0:08:19]} 9. O-O {[%emt 0:01:03]} a5 {[%emt 0:06:47]} 10. b5 {[%emt 0:05:06]} Nd7 {[%emt 0:01:12]} 11. Bb2 {[%emt 0:03:57]} Nc5 {[%emt 0:03:26]} 12. a4 {[%emt 0:09:32]} O-O {[%emt 0:14:41]} 13. g3 {[%emt 0:03:37]} Nxd3 {[%emt 0:01:15]} 14. Qxd3 {[%emt 0:00:30]} Bc5 {[%emt 0:29:47]} 15. Nbd2 {[%emt 0:08:03]} b6 {[%emt 0:01:43]} 16. Nb3 {[%emt 0:01:18]} Bb7 {[%emt 0:01:39]} 17. Nbd4 {[%emt 0:10:12]} Qc7 {[%emt 0:05:42]} 18. Ng5 {[%emt 0:13:37]} Qxe5 {[%emt 0:04:16]} 19. h4 {[%emt 0:01:34]} Qf6 {[%emt 0:03:17]} 20. Rae1 {[%emt 0:14:58]} e5 {[%emt 0:04:18]} 21. Ndf3 {[%emt 0:03:23]} e4 {[%emt 0:01:20]} 22. Qb3 {[%emt 0:00:15]} Qf5 {[%emt 0:02:43]} 23. Qc3 {[%emt 0:04:48]} f6 {[%emt 0:00:44]} 24. Nd4 {[%emt 0:00:20]} Qg4 {[%emt 0:02:34]} 25. Nge6 {[%emt 0:01:32]} Rfc8 {[%emt 0:01:03]} 26. Qb3 {[%emt 0:04:07]} Nxh4 {[%emt 0:00:59]} 27. Kh2 {[%emt 0:00:26]} Re8 {[%emt 0:01:53]} 28. Nxc5 {[%emt 0:06:18]} bxc5 {[%emt 0:00:04]} 29. gxh4 {[%emt 0:00:12]} Qxh4+ {[%emt 0:00:21]} 30. Qh3 {[%emt 0:00:10]} Qxh3+ {[%emt 0:00:18]} 31. Kxh3 {[%emt 0:00:01]} cxd4 {[%emt 0:00:04]} 32. Bxd4 {[%emt 0:00:05]} Rec8 {[%emt 0:00:07]} 33. c3 {[%emt 0:00:07]} Rc4 {[%emt 0:00:06]} 34. Rg1 {[%emt 0:00:22]} Kf7 {[%emt 0:00:15]} 35. Ra1 {[%emt 0:00:08]} g5 {[%emt 0:01:39]} 36. Kg4 {[%emt 0:01:17]} h5+ {[%emt 0:01:18]} 37. Kg3 {[%emt 0:02:20]} h4+ {[%emt 0:00:16]} 38. Kh2 {[%emt 0:00:05]} Kg6 {[%emt 0:01:07]} 39. f4 {[%emt 0:03:45]} exf3 {[%emt 0:00:05]} 40. Raf1 {[%emt 0:00:05]} Rxa4 {[%emt 0:01:17]} 41. Rxf3 {[%emt 0:00:03]} Ra2+ {[%emt 0:00:23]} 42. Kh1 {[%emt 0:00:07]} Rf8 {[%emt 0:00:33]} 43. Rgf1 {[%emt 0:00:27]} f5 {[%emt 0:00:19]} 44. Re3 {[%emt 0:00:24]} Bc8 {[%emt 0:01:17]} 45. Re7 {[%emt 0:00:38]} f4 {[%emt 0:00:43]} 46. Rg7+ {[%emt 0:00:55]} Kh6 {[%emt 0:00:01]} 47. Rc7 {[%emt 0:00:28]} Re8 {[%emt 0:00:54]} 48. Rf2 {[%emt 0:02:54]} Ra1+ {[%emt 0:00:01]} 49. Kh2 {[%emt 0:00:17]} Bf5 {[%emt 0:00:31]} 50. Rd2 {[%emt 0:03:16]} Ree1 {[%emt 0:00:36]} 0-1

[Event "Commonwealth Open 2019"]
[Site "Delhi"]
[Date "2019.06.30"]
[Round "2.11"]
[White "Krishna C R G"]
[Black "Joshi, Govind Ballabh"]
[Result "1/2-1/2"]
[WhiteElo "2481"]
[BlackElo "2121"]
[Annotator "ChessBase"]
[PlyCount "60"]
[EventDate "2019.06.30"]
[EventType "swiss"]
[EventCountry "IND"]
[SourceTitle "playchess.com"]
[Source "ChessBase"]
[SourceQuality "1"]
[TimeControl "5400+30"]

1. Nf3 {[%emt 0:00:39]} d5 {[%emt 0:00:00]} 2. g3 {[%emt 0:00:31]} Nf6 {[%emt 0:03:01]} 3. Bg2 {[%emt 0:00:09]} c6 {[%emt 0:02:25]} 4. O-O {[%emt 0:00:11]} Bg4 5. c4 {[%emt 0:03:56]} e6 {[%emt 0:01:37]} 6. b3 {[%emt 0:04:11]} Nbd7 7. Bb2 {[%emt 0:00:08]} Bd6 {[%emt 0:02:16]} 8. d3 {[%emt 0:00:10]} O-O {[%emt 0:01:54]} 9. Nbd2 {[%emt 0:00:09]} Re8 {[%emt 0:01:02]} 10. Qb1 {[%emt 0:13:46]} a5 {[%emt 0:07:57]} 11. a3 e5 {[%emt 0:13:55]} 12. cxd5 {[%emt 0:05:32]} cxd5 {[%emt 0:01:29]} 13. e4 {[%emt 0:01:23]} d4 {[%emt 0:04:41]} 14. Nc4 {[%emt 0:02:31]} Nc5 {[%emt 0:07:55]} 15. a4 {[%emt 0:12:42]} Bxf3 {[%emt 0:14:03]} 16. Bxf3 {[%emt 0:00:31]} Nxb3 {[%emt 0:02:12]} 17. Ba3 {[%emt 0:11:44]} Bxa3 {[%emt 0:05:22]} 18. Rxa3 {[%emt 0:00:05]} Nc5 {[%emt 0:02:05]} 19. Qb5 {[%emt 0:00:23]} Qc7 {[%emt 0:07:04]} 20. Rc1 {[%emt 0:02:34]} Ra6 {[%emt 0:00:36]} 21. Be2 {[%emt 0:00:20]} Ncd7 {[%emt 0:04:50]} 22. Rb3 {[%emt 0:06:17]} Rea8 {[%emt 0:02:19]} 23. Bd1 {[%emt 0:05:25]} R8a7 {[%emt 0:05:37]} 24. Rbb1 {[%emt 0:10:49]} Rc6 {[%emt 0:00:54]} 25. Qb3 {[%emt 0:05:20]} h6 {[%emt 0:01:00]} 26. Qa3 {[%emt 0:07:30]} Nc5 {[%emt 0:01:36]} 27. Nd2 {[%emt 0:05:24]} Nfd7 {[%emt 0:00:12]} 28. Nc4 {[%emt 0:00:12]} Nf6 {[%emt 0:00:02]} 29. Nd2 {[%emt 0:00:05]} Nfd7 {[%emt 0:00:07]} 30. Nc4 {[%emt 0:00:03]} Nf6 {[%emt 0:00:02]} 1/2-1/2